000 00625nam a22001577a 4500
005 20250818105012.0
008 250818b |||||||| |||| 00| 0 eng d
050 _aTHE HF 5415 .O89 2006
_bC.1
100 _aOtwori, Jeremiah
245 _aFactors Considered in the Choice of Fresh Milk Brands by Consumers in Nakuru Municipality, Kenya
260 _aKisii
_bKisii University
_c2006
300 _aix, 55p.:ill.
500 _aIncludes bibliographical references
650 _a1. Consumer behavior—Kenya. 2. Milk—Marketing—Kenya. 3. Brand choice—Kenya. 4. Consumers—Kenya—Nakuru Municipality.
942 _2lcc
_cREF
999 _c216042
_d216042